Το σύγχρονο αμερικανικό μυθιστόρημα, 1900-1950

Αποθηκεύτηκε σε:
Λεπτομέρειες βιβλιογραφικής εγγραφής
Κύριος συγγραφέας: Hoffman, Frederick John
Μορφή: Βιβλίο
Γλώσσα:Greek
English
Δημοσίευση: Αθήνα : Αετός, 1954.
Θέματα:
Ετικέτες: Προσθήκη ετικέτας
Δεν υπάρχουν, Καταχωρήστε ετικέτα πρώτοι!

MARC

LEADER 00000cam a2200000 i 4500
001 1/91397
008 080723s1954 gr | ||| |||| ||gre||
035 |l 10099149 
040 |a GR-MY-UA  |b gre  |e aacr 
041 1 |a gre  |h eng 
082 7 |a 813.52   |2 (22) 
100 1 |a Hoffman, Frederick John. 
245 1 3 |a Το σύγχρονο αμερικανικό μυθιστόρημα, 1900-1950 /   |c Frederick J. Hoffman.  
260 |a Αθήνα :   |b Αετός,   |c 1954.  
300 |a 167 σ. ;   |c 21 εκ. 
500 |a Τίτλος πρωτοτύπου: The modern novel in America.  
650 0 0 |a American fiction  |y 20th century  |x History and criticism. 
852 |a INST  |b RHODES  |c AKA  |e 20080723  |h  813.52 HOF  |p 005400027678  |q 005400027678  |t BK  |y 0 
901 |a BIBL4-2008-2 
909 |a Ρ  |b 150901 
970 |a ΧΑΡΙΟΠΟΛΙΤΟΥ  |b ΚΩΝΣΤΑΝΤΙΝΑ  |z 2008/07/23